Les supercheries littéraires dévoilées (Record no. 162782)

MARC details
000 -LEADER
campo de control de longitud fija 01483nam a22002535i 4500
001 - NÚMERO DE CONTROL
campo de control 162782
003 - IDENTIFICADOR DE NÚMERO DE CONTROL
campo de control ES-MaACL
005 - FECHA Y HORA DE LA ÚLTIMA TRANSACCIÓN
campo de control 20250927105643.0
008 - DATOS DE LONGITUD FIJA--INFORMACIÓN GENERAL
campo de control de longitud fija 010314m18691870fr |||| | fre d
040 ## - FUENTE DE CATALOGACIÓN
Centro catalogador/agencia de origen CAM
Lengua de catalogación spa
Centro/agencia transcriptor CAM
100 1# - ENTRADA PRINCIPAL--NOMBRE DE PERSONA
Nombre de persona Quérard, J.-M.
9 (RLIN) 131537
245 14 - MENCIÓN DEL TÍTULO
Título Les supercheries littéraires dévoilées
Resto del título : galerie des ecrivains française de toute l'Europe qui se sont déguisés sous des anagrammes, des astéronymes, des cryptonymes, des initialismes, des noms littéraires, des pseudonymes facétieux ou bizarres, etc. /
Mención de responsabilidad, etc. par J.-M. Quérard.
250 ## - MENCION DE EDICION
Mención de edición 2e éd. considérablement augm. / publiée par Gustave Brunet et Pierre Jannet, suivie 1º du dictionnaire des ouvrages anonymes par Ant.-Alex. Barbier, troisieme édition, revue et augmentée par Olivier Barbier, 2º d'une table générale des noms réels des écrivains anonymes et pseudonymes cités dans les deux ouvrages.
260 ## - PUBLICACIÓN, DISTRIBUCIÓN, ETC.
Lugar de publicación, distribución, etc. Paris :
Nombre del editor, distribuidor, etc. Paul Daffis libraire-éditeur,
Fecha de publicación, distribución, etc. 1869-1870 (
Fabricante Imprimé chez Jules Bonaventure)
300 ## - DESCRIPCIÓN FÍSICA
Extensión 3 v. (VII p., 1278; 1324; 1290 col.) ;
Dimensiones 24 cm.
650 #4 - PUNTO DE ACCESO ADICIONAL DE MATERIA--TÉRMINO DE MATERIA
Término de materia o nombre geográfico como elemento de entrada Escritores franceses.
9 (RLIN) 136025
650 #4 - PUNTO DE ACCESO ADICIONAL DE MATERIA--TÉRMINO DE MATERIA
Término de materia o nombre geográfico como elemento de entrada Falsificaciones y supercherías literarias-
Subdivisión geográfica Francia.
9 (RLIN) 155694
700 11 - ENTRADA AGREGADA--NOMBRE PERSONAL
Nombre de persona Barbier, Antoine Alexandre.
9 (RLIN) 25449
700 11 - ENTRADA AGREGADA--NOMBRE PERSONAL
Nombre de persona Barbier, Olivier.
9 (RLIN) 25459
700 1# - ENTRADA AGREGADA--NOMBRE PERSONAL
Nombre de persona Brunet, Pierre-Gustave,
Fechas asociadas al nombre 1805-1896
9 (RLIN) 32158
700 1# - ENTRADA AGREGADA--NOMBRE PERSONAL
Nombre de persona Jannet, Pierre,
Fechas asociadas al nombre 1820-1870
9 (RLIN) 128271
852 ## - LOCALIZACIÓN
Ubicación ES-MaACL
Número de control de estantería B-4394-96
Nota libre -- Enc. hol.
Holdings
Estatus retirado Estado de pérdida Estado de daño No para préstamo Colección Biblioteca de origen Biblioteca actual Ubicación en estantería Fecha de adquisición Total de préstamos Signatura topográfica completa Código de barras Visto por última vez Precio de reemplazo Tipo de ítem Koha
        Libros del s. XIX Biblioteca del Ateneo de Madrid Biblioteca del Ateneo de Madrid Sala Pardo Bazán 17/01/2008   B-4394-96 1170552 23/02/2023 23/02/2023 Libro impreso antiguo